Online
Catalog

Rueca y otros cuentos premiados / (Record no. 50712)

MARC details
000 -CABECERA
campo de control de longitud fija 01741nam a22003617a 4500
003 - IDENTIFICADOR DEL NÚMERO DE CONTROL
campo de control DO-SdBNP
005 - FECHA Y HORA DE LA ÚLTIMA TRANSACCIÓN
campo de control 20220127134356.0
007 - CAMPO FIJO DE DESCRIPCIÓN FÍSICA--INFORMACIÓN GENERAL
campo de control de longitud fija ta
008 - DATOS DE LONGITUD FIJA--INFORMACIÓN GENERAL
campo de control de longitud fija 211006b2019 dr ||||| |||| 00| j spa d
020 ## - NÚMERO INTERNACIONAL ESTÁNDAR DEL LIBRO
Número Internacional Estándar del Libro 9789945503555
040 ## - FUENTE DE LA CATALOGACIÓN
Centro catalogador/agencia de origen DO-SdBNP
Lengua de catalogación spa
Centro/agencia transcriptor BNPHU
082 #4 - NÚMERO DE LA CLASIFICACIÓN DECIMAL DEWEY
Número de edición 22
245 00 - MENCIÓN DE TÍTULO
Título Rueca y otros cuentos premiados /
Mención de responsabilidad, etc. Jesús Marrero, Elbys Manuel Paulino, Yirbett Josep Veloz, Elisaury Suárez, Mildred de los Santos, Ariel Ortiz Pérez, Maggie Salazar ; diseño : Elizabeth López Rosario ; diagramación y arte final : Amado Santana.
260 ## - PUBLICACIÓN, DISTRIBUCIÓN, ETC.
Lugar de publicación, distribución, etc. Santo Domingo :
Nombre del editor, distribuidor, etc. Nacional,
Fecha de publicación, distribución, etc. 2019.
300 ## - DESCRIPCIÓN FÍSICA
Extensión 59 p. ;
Dimensiones 21 cm.
490 1# - MENCIÓN DE SERIE
Mención de serie Narrativa
500 ## - NOTA GENERAL
Nota general Jurado: Ismael Melo, Emelda Ramos y Gabriel Llanos.
505 0# - NOTA DE CONTENIDO CON FORMATO
Nota de contenido con formato Premio --
Título Rueca /
Mención de responsabilidad Jesús Marrero --
Título Menciones
-- De cómo dos granos de polen labraron la noche /
Mención de responsabilidad Elbys Manuel Paulino --
Título 3:46 /
Mención de responsabilidad Elbys Manuel Paulino --
Título Un grito de agua /
Mención de responsabilidad Yirbett Josep Veloz
Título La luz que cae /
Mención de responsabilidad Elisaury Suárez --
Título Uno de vainilla. Donna Black /
Mención de responsabilidad Mildred de los Santos --
Título La última visita /
Mención de responsabilidad Ariel Ortiz Pérez --
Título Huellas por otro camino /
Mención de responsabilidad Maggie Salazar.
586 ## - NOTA DE PREMIOS
Nota de premios Premio Joven de Cuento Feria Internacional del Libro 2018
590 ## - NOTA LOCAL (RLIN)
Nota local Inventariado, 2021 /LP
700 1# - PUNTO DE ACCESO ADICIONAL--NOMBRE DE PERSONA
Nombre de persona Marrero, Jesús,
Fechas asociadas al nombre 1992-
9 (RLIN) 80124
700 1# - PUNTO DE ACCESO ADICIONAL--NOMBRE DE PERSONA
Nombre de persona Paulino, Elbys Manuel
9 (RLIN) 80125
700 1# - PUNTO DE ACCESO ADICIONAL--NOMBRE DE PERSONA
Nombre de persona Veloz, Yirbett Josep
9 (RLIN) 80126
700 1# - PUNTO DE ACCESO ADICIONAL--NOMBRE DE PERSONA
Nombre de persona Suárez, Elisaury
9 (RLIN) 80127
700 1# - PUNTO DE ACCESO ADICIONAL--NOMBRE DE PERSONA
Nombre de persona Santos, Mildred de los
9 (RLIN) 80128
700 1# - PUNTO DE ACCESO ADICIONAL--NOMBRE DE PERSONA
Nombre de persona Ortiz Pérez, Ariel
9 (RLIN) 43130
700 1# - PUNTO DE ACCESO ADICIONAL--NOMBRE DE PERSONA
Nombre de persona Salazar, Maggie
9 (RLIN) 80129
700 1# - PUNTO DE ACCESO ADICIONAL--NOMBRE DE PERSONA
Nombre de persona López Rosario, Elizabeth,
Término indicativo de función/relación diseño
9 (RLIN) 77836
700 1# - PUNTO DE ACCESO ADICIONAL--NOMBRE DE PERSONA
Nombre de persona Santana, Amado,
Término indicativo de función/relación diagramación y arte final
9 (RLIN) 7207
830 #0 - PUNTO DE ACCESO ADICIONAL DE SERIE-TÍTULO UNIFORME
Título uniforme Narrativa
9 (RLIN) 11366
910 ## - DATOS DE OPCIÓN DEL USUARIO (OCLC)
Datos de opción del usuario Lopérez
942 ## - ELEMENTOS DE PUNTO DE ACCESO ADICIONAL (KOHA)
Fuente del sistema de clasificación o colocación Dewey Decimal Classification
Tipo de ítem Koha Libro
Holdings
Estado de retiro Estado de pérdida Fuente del sistema de clasificación o colocación No para préstamo Código de colección Localización permanente Ubicación/localización actual Ubicación en estantería Fecha de adquisición Fuente de adquisición Total de préstamos Código de barras Fecha visto por última vez Precio válido a partir de Tipo de ítem Koha Número de copia
    Dewey Decimal Classification Excluido de préstamo Patrimonio Dominicano Biblioteca Nacional Pedro Henríquez Ureña Biblioteca Nacional Pedro Henríquez Ureña Depósito 06.10.2021 Depósito Legal   2021-27236 06.10.2021 06.10.2021 Libro y Folleto Colección Patrimonio Dominicano  
    Dewey Decimal Classification Excluido de préstamo Patrimonio Dominicano Biblioteca Nacional Pedro Henríquez Ureña Biblioteca Nacional Pedro Henríquez Ureña Depósito 06.10.2021 Depósito Legal   2021-27237 06.10.2021 06.10.2021 Libro y Folleto Colección Patrimonio Dominicano e.2
    Dewey Decimal Classification Excluido de préstamo Dominicana de Servicio Biblioteca Nacional Pedro Henríquez Ureña Biblioteca Nacional Pedro Henríquez Ureña Depósito 06.10.2021 Depósito Legal   2021-27238 06.10.2021 06.10.2021 Libro y Folleto Colección Dominicana de Servicio e.3
    Dewey Decimal Classification Préstamo en sala Dominicana de Servicio Biblioteca Nacional Pedro Henríquez Ureña Biblioteca Nacional Pedro Henríquez Ureña Depósito 06.10.2021 Donación   2021-27239 06.10.2021 06.10.2021 Libro y Folleto Colección Dominicana de Servicio e.4
    Dewey Decimal Classification Préstamo en sala Dominicana de Servicio Biblioteca Nacional Pedro Henríquez Ureña Biblioteca Nacional Pedro Henríquez Ureña Depósito 06.10.2021 Donación   2021-27240 06.10.2021 06.10.2021 Libro y Folleto Colección Dominicana de Servicio e.5

Powered by Koha